Normal view
MARC view
- Bohdan T. Kulakowski
Entry Corporate Name
001 - CONTROL NUMBER
- control field: 132817
003 - CONTROL NUMBER IDENTIFIER
- control field: NUST
005 - DATE AND TIME OF LATEST TRANSACTION
- control field: 20260119152617.0
008 - FIXED-LENGTH DATA ELEMENTS
- fixed length control field: 260119|| aca||aabn | a|a d
040 ## - CATALOGING SOURCE
- Original cataloging agency: NUST
- Transcribing agency: NUST
110 ## - HEADING--CORPORATE NAME
- Corporate name or jurisdiction name as entry element: Bohdan T. Kulakowski
670 ## - SOURCE DATA FOUND
- Source citation: Work cat.: (NUST)0: Shearer, J. Lowen. 40558, Dynamic modeling and control of engineering systems /, c1990.
